[Event "Tournoi International du Pays de Charleroi 2019 Groupe A"]
[Site ""]
[Date "2019.08.01"]
[Round "7.2"]
[White "Gurevich, Mikhail"]
[Black "Mirzoev, Azer"]
[Result "1/2-1/2"]
[WhiteTitle "GM"]
[BlackTitle "GM"]
[WhiteElo "2587"]
[BlackElo "2474"]

1. c4 {[%clk 01:30:56]} {[%emt 00:00:03]} c5 {[%clk 01:30:49]} {[%emt
00:00:11]} 2. Nc3 {[%clk 01:31:11]} {[%emt 00:00:15]} Nc6 {[%clk 01:31:15]}
{[%emt 00:00:05]} 3. g3 {[%clk 01:31:37]} {[%emt 00:00:03]} g6 {[%clk
01:31:40]} {[%emt 00:00:07]} 4. Bg2 {[%clk 01:32:04]} {[%emt 00:00:06]} Bg7
{[%clk 01:32:05]} 5. Rb1 {[%clk 01:32:30]} {[%emt 00:05:33]} d6 {[%clk
01:20:44]} {[%emt 00:06:21]} 6. a3 {[%clk 01:28:33]} {[%emt 00:04:28]} a5
{[%clk 01:21:10]} {[%emt 00:00:05]} 7. d3 {[%clk 01:20:40]} {[%emt 00:08:23]}
Nh6 {[%clk 01:20:58]} {[%emt 00:00:41]} 8. e4 {[%clk 01:20:19]} {[%emt
00:00:51]} O-O {[%clk 01:19:44]} {[%emt 00:01:43]} 9. Nge2 {[%clk 01:20:47]}
{[%emt 00:00:02]} f5 {[%clk 01:18:08]} {[%emt 00:02:07]} 10. O-O {[%clk
01:20:14]} {[%emt 00:01:04]} Nf7 {[%clk 01:18:06]} {[%emt 00:00:31]} 11. f4
{[%clk 01:17:15]} {[%emt 00:03:29]} e5 {[%clk 01:14:36]} {[%emt 00:03:59]} 12.
Nd5 {[%clk 01:12:08]} {[%emt 00:05:38]} exf4 {[%clk 01:09:44]} {[%emt
00:05:22]} 13. gxf4 {[%clk 01:12:32]} {[%emt 00:00:06]} Ne7 {[%clk 01:07:26]}
{[%emt 00:02:47]} 14. Ne3 {[%clk 01:02:25]} {[%emt 00:10:38]} Ra7 {[%clk
00:52:34]} {[%emt 00:35:34]} 15. Bd2 {[%clk 01:01:17]} b6 {[%clk 00:52:15]} 16.
Bc3 {[%clk 01:01:00]} Nh6 {[%clk 00:42:28]} 17. Bxg7 {[%clk 00:53:47]} {[%emt
00:01:02]} Kxg7 {[%clk 00:42:51]} {[%emt 00:00:07]} 18. Qd2 {[%clk 00:54:03]}
{[%emt 00:00:13]} Be6 {[%clk 00:41:01]} {[%emt 00:02:18]} 19. Qc3+ {[%clk
00:50:13]} {[%emt 00:04:22]} Kg8 {[%clk 00:41:25]} {[%emt 00:00:06]} 20. Ng3
{[%clk 00:48:15]} {[%emt 00:02:28]} fxe4 {[%clk 00:26:40]} {[%emt 00:15:16]} 21.
dxe4 {[%clk 00:34:26]} {[%emt 00:14:19]} Nc6 {[%clk 00:26:48]} {[%emt
00:00:19]} 22. Nc2 {[%clk 00:34:54]} {[%emt 00:00:05]} Rc7 {[%clk 00:19:28]}
{[%emt 00:07:49]} 23. Rbd1 {[%clk 00:33:39]} {[%emt 00:01:45]} Qe7 {[%clk
00:18:40]} {[%emt 00:01:16]} 24. Rd2 {[%clk 00:30:08]} {[%emt 00:04:04]} Qg7
{[%clk 00:16:51]} {[%emt 00:02:18]} 25. Rxd6 {[%clk 00:16:14]} {[%emt
00:14:25]} Qxc3 {[%clk 00:17:06]} {[%emt 00:00:16]} 26. bxc3 {[%clk 00:16:39]}
{[%emt 00:00:04]} Bxc4 {[%clk 00:17:29]} {[%emt 00:00:06]} 27. Rf2 {[%clk
00:16:58]} {[%emt 00:00:11]} Ng4 {[%clk 00:16:17]} {[%emt 00:01:42]} 28. Rf3
{[%clk 00:17:27]} {[%emt 00:00:03]} Bb3 {[%clk 00:15:42]} {[%emt 00:01:02]} 29.
Ne3 {[%clk 00:15:28]} {[%emt 00:02:31]} Nxe3 {[%clk 00:15:39]} {[%emt
00:00:33]} 30. Rxe3 {[%clk 00:15:53]} {[%emt 00:00:05]} Rxf4 {[%clk 00:14:52]}
{[%emt 00:01:16]} 31. e5 {[%clk 00:16:20]} {[%emt 00:00:04]} Ne7 {[%clk
00:14:33]} {[%emt 00:00:48]} 32. Rxb6 {[%clk 00:16:37]} {[%emt 00:00:14]} Bd5
{[%clk 00:14:03]} {[%emt 00:00:58]} 33. Ne4 {[%clk 00:16:51]} {[%emt 00:00:18]}
Kg7 {[%clk 00:11:22]} {[%emt 00:03:10]} 34. Nf6 {[%clk 00:16:40]} {[%emt
00:00:41]} Bf7 {[%clk 00:11:30]} {[%emt 00:00:22]} 35. Re4 {[%clk 00:16:26]}
{[%emt 00:00:45]} Rf5 {[%clk 00:10:52]} {[%emt 00:01:07]} 36. Re2 {[%clk
00:11:50]} {[%emt 00:05:07]} Rg5 {[%clk 00:05:32]} {[%emt 00:05:48]} 37. Kf2
{[%clk 00:04:50]} {[%emt 00:10:24]} Ng8 {[%clk 00:05:49]} 38. Bf3 {[%clk
00:04:56]} Rf5 {[%clk 00:05:37]} 39. Nxg8 {[%clk 00:03:57]} Bxg8 {[%clk
00:06:03]} 40. Kg3 {[%clk 00:03:18]} {[%emt 00:01:10]} Re7 {[%clk 00:06:26]}
{[%emt 00:00:06]} 41. e6 {[%clk 00:03:26]} {[%emt 00:00:22]} h5 {[%clk
00:05:18]} {[%emt 00:08:51]} 42. c4 {[%clk 00:01:32]} Kf6 {[%clk 00:30:01]}
{[%emt 00:00:58]} 43. Bd5 {[%clk 00:27:57]} {[%emt 00:15:42]} Re5 {[%clk
00:19:23]} {[%emt 00:00:12]} 44. Rxe5 {[%clk 00:26:17]} {[%emt 00:01:31]} Kxe5
{[%clk 00:19:51]} {[%emt 00:00:02]} 45. Rc6 {[%clk 00:26:40]} {[%emt 00:00:06]}
Bxe6 {[%clk 00:12:21]} {[%emt 00:08:00]} 46. Rxc5 {[%clk 00:22:17]} {[%emt
00:04:53]} h4+ {[%clk 00:10:46]} {[%emt 00:02:05]} 47. Kf3 {[%clk 00:22:40]}
{[%emt 00:00:06]} Kd4 {[%clk 00:10:42]} {[%emt 00:00:33]} 48. Rxa5 {[%clk
00:22:50]} {[%emt 00:00:23]} Bf5 {[%clk 00:11:06]} {[%emt 00:00:03]} 49. Ra8
{[%clk 00:14:10]} {[%emt 00:09:12]} Re3+ {[%clk 00:09:53]} {[%emt 00:01:43]} 50.
Kf4 {[%clk 00:14:30]} {[%emt 00:00:10]} Re2 {[%clk 00:07:29]} {[%emt 00:02:52]}
51. a4 {[%clk 00:10:11]} {[%emt 00:04:51]} Rxh2 {[%clk 00:07:48]} {[%emt
00:00:11]} 52. a5 {[%clk 00:10:36]} {[%emt 00:00:05]} Ra2 {[%clk 00:08:04]}
{[%emt 00:00:14]} 53. a6 {[%clk 00:10:56]} {[%emt 00:00:11]} h3 {[%clk
00:07:56]} {[%emt 00:00:37]} 54. a7 {[%clk 00:10:53]} {[%emt 00:00:33]} Kc5
{[%clk 00:06:20]} {[%emt 00:02:05]} 55. Ke5 {[%clk 00:10:12]} {[%emt 00:01:12]}
Re2 {[%clk 00:06:43]} {[%emt 00:00:07]} 56. Kf4 {[%clk 00:09:27]} {[%emt
00:01:15]} Ra2 {[%clk 00:07:11]} {[%emt 00:00:02]} 57. Ke5 {[%clk 00:09:13]}
{[%emt 00:00:45]} Re2 {[%clk 00:07:34]} {[%emt 00:00:07]} 58. Kf4 {[%clk
00:09:36]} {[%emt 00:00:06]} Ra2 {[%clk 00:08:02]} {[%emt 00:00:03]} 59. Ke4
{[%emt 00:00:40]} 1/2-1/2

[Event "Tournoi International du Pays de Charleroi 2019 Groupe A"]
[Site ""]
[Date "2019.08.01"]
[Round "7.4"]
[White "Klinova, Masha"]
[Black "Capone, Nicola"]
[Result "1/2-1/2"]
[WhiteTitle "WGM"]
[BlackTitle "IM"]
[WhiteElo "2269"]
[BlackElo "2297"]

1. e4 {[%clk 01:30:59]} c5 {[%clk 01:30:57]} {[%emt 00:00:04]} 2. Nf3 {[%clk
01:31:25]} {[%emt 00:00:03]} Nc6 {[%clk 01:31:24]} {[%emt 00:00:04]} 3. Bb5
{[%clk 01:31:47]} {[%emt 00:00:07]} g6 {[%clk 01:31:43]} {[%emt 00:00:12]} 4.
Bxc6 {[%clk 01:31:15]} {[%emt 00:06:17]} dxc6 {[%clk 01:32:07]} 5. d3 {[%clk
01:31:36]} Bg7 {[%clk 01:32:28]} 6. Nc3 {[%clk 01:31:08]} Nf6 {[%clk 01:31:47]}
7. Be3 {[%clk 01:30:01]} {[%emt 00:00:11]} b6 {[%clk 01:30:14]} {[%emt
00:00:47]} 8. h3 {[%clk 01:30:25]} {[%emt 00:00:05]} Nd7 {[%clk 01:18:52]}
{[%emt 00:11:53]} 9. Qd2 {[%clk 01:26:49]} {[%emt 00:04:06]} h6 {[%clk
01:19:19]} {[%emt 00:00:04]} 10. Nh2 {[%clk 01:18:45]} {[%emt 00:08:33]} e5
{[%clk 01:19:25]} {[%emt 00:00:25]} 11. O-O-O {[%clk 01:18:00]} {[%emt
00:01:14]} Nf8 {[%clk 01:19:22]} {[%emt 00:00:33]} 12. f4 {[%clk 01:14:27]}
{[%emt 00:04:03]} exf4 {[%clk 01:19:43]} {[%emt 00:00:09]} 13. Bxf4 {[%clk
01:14:54]} {[%emt 00:00:03]} Ne6 {[%clk 01:18:55]} {[%emt 00:01:19]} 14. Be3
{[%clk 01:15:15]} {[%emt 00:00:08]} Nd4 {[%clk 01:16:16]} {[%emt 00:03:10]} 15.
Rdf1 {[%clk 01:08:58]} {[%emt 00:06:46]} Be6 {[%clk 00:41:01]} {[%emt
00:50:20]} 16. Ng4 {[%clk 01:07:27]} g5 {[%clk 00:41:22]} 17. Qf2 {[%clk
01:06:14]} Qe7 {[%clk 00:39:34]} 18. Nf6+ {[%clk 01:03:21]} Bxf6 {[%clk
00:39:59]} 19. Qxf6 {[%clk 01:03:39]} Qxf6 {[%clk 00:40:11]} 20. Rxf6 {[%clk
01:03:57]} Kd7 {[%clk 00:27:52]} {[%emt 00:08:34]} 21. b3 {[%clk 00:58:38]}
{[%emt 00:05:49]} Rag8 {[%clk 00:26:29]} {[%emt 00:01:54]} 22. Kd2 {[%clk
00:48:51]} {[%emt 00:10:16]} Ke7 {[%clk 00:18:40]} {[%emt 00:08:19]} 23. Rhf1
{[%clk 00:41:05]} {[%emt 00:08:16]} g4 {[%clk 00:18:57]} {[%emt 00:00:14]} 24.
h4 {[%clk 00:39:28]} {[%emt 00:02:05]} Nf3+ {[%clk 00:18:53]} {[%emt 00:00:35]}
25. gxf3 {[%clk 00:38:24]} {[%emt 00:01:34]} Kxf6 {[%clk 00:19:17]} {[%emt
00:00:07]} 26. fxg4+ {[%clk 00:38:50]} {[%emt 00:00:03]} Ke7 {[%clk 00:19:40]}
{[%emt 00:00:08]} 27. g5 {[%clk 00:39:11]} {[%emt 00:00:08]} hxg5 {[%clk
00:19:29]} {[%emt 00:00:42]} 28. Bxg5+ {[%clk 00:39:27]} {[%emt 00:00:13]} Kd7
{[%clk 00:18:01]} {[%emt 00:01:58]} 29. Nd1 {[%clk 00:37:17]} {[%emt 00:02:39]}
a5 {[%clk 00:14:32]} {[%emt 00:04:01]} 30. Ne3 {[%clk 00:36:10]} {[%emt
00:01:36]} a4 {[%clk 00:13:43]} {[%emt 00:01:19]} 31. Rf2 {[%clk 00:29:14]}
{[%emt 00:07:25]} axb3 {[%clk 00:13:47]} {[%emt 00:00:27]} 32. axb3 {[%clk
00:29:39]} {[%emt 00:00:06]} Ra8 {[%clk 00:14:10]} {[%emt 00:00:07]} 33. Nc4
{[%clk 00:25:45]} {[%emt 00:04:23]} Bxc4 {[%clk 00:13:49]} {[%emt 00:00:52]} 34.
dxc4 {[%clk 00:24:27]} {[%emt 00:01:47]} Rh7 {[%clk 00:13:57]} {[%emt
00:00:22]} 35. Rf1 {[%clk 00:23:27]} {[%emt 00:01:30]} Ra2 {[%clk 00:09:03]}
{[%emt 00:05:25]} 36. Kd3 {[%clk 00:23:00]} {[%emt 00:00:55]} Rg7 {[%clk
00:07:51]} {[%emt 00:01:44]} 37. Kc3 {[%clk 00:19:39]} {[%emt 00:03:50]} Ke8
{[%clk 00:06:36]} {[%emt 00:01:47]} 38. e5 {[%clk 00:19:17]} {[%emt 00:00:50]}
Kd7 {[%clk 00:03:05]} {[%emt 00:04:02]} 39. Rf6 {[%clk 00:16:15]} {[%emt
00:03:31]} Kc7 {[%clk 00:01:37]} {[%emt 00:01:59]} 40. Rf1 {[%clk 00:14:35]}
{[%emt 00:02:10]} Kd7 {[%clk 00:01:23]} {[%emt 00:00:44]} 41. Rf6 {[%clk
00:14:32]} {[%emt 00:00:32]} Kc7 {[%clk 00:21:58]} {[%emt 00:15:20]} 42. Rf1
{[%clk 00:44:43]} Kd7 {[%clk 00:15:07]} {[%emt 00:02:16]} 43. Rf6 {[%clk
00:42:57]} {[%emt 00:02:15]} Ra1 {[%clk 00:14:39]} {[%emt 00:00:58]} 44. Rd6+
{[%clk 00:40:24]} {[%emt 00:03:03]} Kc7 {[%clk 00:15:05]} {[%emt 00:00:05]} 45.
Bd8+ {[%clk 00:39:54]} {[%emt 00:00:59]} Kb7 {[%clk 00:15:22]} {[%emt
00:07:04]} 46. Bg5 {[%clk 00:37:01]} {[%emt 00:00:01]} Kc7 {[%clk 00:08:46]}
{[%emt 00:03:36]} 47. Bd8+ {[%clk 00:37:25]} {[%emt 00:00:06]} Kb7 {[%clk
00:09:13]} {[%emt 00:00:03]} 48. Bg5 {[%clk 00:37:51]} {[%emt 00:00:03]} Kc7
{[%clk 00:02:30]} {[%emt 00:07:13]} 49. Bd8+ {[%clk 00:38:14]} {[%emt
00:00:07]} Kb7 {[%clk 00:02:56]} {[%emt 00:00:04]} 1/2-1/2

[Event "Tournoi International du Pays de Charleroi 2019 Groupe A"]
[Site ""]
[Date "2019.08.01"]
[Round "7.33"]
[White "Zamparo, Sergio"]
[Black "Callier, Christophe"]
[Result "1/2-1/2"]
[WhiteElo "2031"]
[BlackElo "1986"]

1. e4 {[%clk 01:30:58]} {[%emt 00:56:41]} g6 {[%clk 01:16:56]} {[%emt
00:14:05]} 2. d4 {[%clk 01:30:59]} {[%emt 00:00:29]} Nf6 {[%clk 01:17:22]}
{[%emt 00:00:04]} 3. Nc3 {[%clk 01:31:19]} {[%emt 00:00:09]} d5 {[%clk
01:17:49]} {[%emt 00:00:03]} 4. exd5 {[%clk 01:30:45]} {[%emt 00:01:04]} Nxd5
{[%clk 01:18:16]} {[%emt 00:00:03]} 5. Nxd5 {[%clk 01:29:04]} {[%emt 00:02:12]}
Qxd5 {[%clk 01:18:44]} {[%emt 00:00:02]} 6. c4 {[%clk 01:29:17]} {[%emt
00:00:17]} Qe4+ {[%clk 01:18:58]} {[%emt 00:00:15]} 7. Be2 {[%clk 01:29:09]}
{[%emt 00:00:38]} Bg7 {[%clk 01:19:16]} {[%emt 00:00:12]} 8. Nf3 {[%clk
01:29:20]} {[%emt 00:00:19]} O-O {[%clk 01:19:10]} {[%emt 00:00:36]} 9. O-O
{[%clk 01:29:32]} {[%emt 00:00:18]} Rd8 {[%clk 01:18:48]} {[%emt 00:00:52]} 10.
Bd3 {[%clk 01:24:35]} {[%emt 00:05:27]} Qg4 {[%clk 01:17:57]} {[%emt 00:01:20]}
11. Be3 {[%clk 01:20:47]} {[%emt 00:04:18]} c5 {[%clk 01:16:59]} {[%emt
00:01:30]} 1/2-1/2



[ePGN "0.1;DGT LiveChess/2.2.4"]

[Event "TIPC 2019 Groupe A"]
[Site ""]
[Date "2019.08.02"]
[Round "8.15"]
[White "Van Doren, Bas"]
[Black "Werner, Ivan"]
[Result "1-0"]
[WhiteElo "1976"]
[BlackElo "2129"]

1. e4 {[%clk 01:30:58]} {[%emt 00:56:11]} c5 {[%clk 01:30:57]} {[%emt
00:00:03]} 2. Nf3 {[%clk 01:30:45]} {[%emt 00:00:43]} d6 {[%clk 01:31:22]}
{[%emt 00:00:05]} 3. d4 {[%clk 01:31:03]} {[%emt 00:00:15]} cxd4 {[%clk
01:31:48]} 4. Qxd4 {[%clk 01:31:28]} {[%emt 00:00:07]} Nc6 {[%clk 01:32:10]}
{[%emt 00:00:08]} 5. Bb5 {[%clk 01:31:53]} {[%emt 42:02:31]} Bd7 {[%clk
01:32:38]} 6. Bxc6 {[%clk 01:32:16]} bxc6 {[%clk 01:32:52]} 7. c4 Qb6 8. Qd3
{[%clk 01:15:11]} Nf6 {[%clk 01:31:00]} 9. O-O {[%clk 01:12:47]} e5 {[%clk
01:22:52]} 10. b3 {[%clk 01:03:50]} h6 {[%clk 01:19:52]} 11. Nc3 {[%clk
00:59:22]} Be7 {[%clk 01:18:00]} 12. Be3 {[%clk 00:59:47]} Qc7 {[%clk
01:15:14]} 13. c5 {[%clk 00:53:46]} dxc5 {[%clk 01:04:11]} 14. Na4 {[%clk
00:54:01]} Rd8 {[%clk 01:04:04]} 15. Qc2 {[%clk 00:48:45]} O-O {[%clk
01:02:35]} 16. h3 {[%clk 00:46:02]} Bc8 {[%clk 00:47:49]} 17. Nxc5 {[%clk
00:38:53]} Nd7 {[%clk 00:38:11]} 18. Rac1 {[%clk 00:30:05]} Rfe8 {[%clk
00:33:07]} 19. Rfd1 {[%clk 00:25:33]} Nb8 {[%clk 00:29:58]} 20. Nd3 {[%clk
00:19:53]} Ba3 {[%clk 00:22:26]} 21. Rb1 {[%clk 00:20:22]} Bd6 {[%clk
00:21:18]} 22. Bc5 {[%clk 00:19:35]} Ba6 {[%clk 00:17:23]} 23. Nb4 {[%clk
00:13:00]} Bb7 {[%clk 00:16:46]} 24. Rbc1 {[%clk 00:10:44]} Bxc5 {[%clk
00:12:22]} 25. Qxc5 {[%clk 00:11:12]} Rxd1+ {[%clk 00:12:32]} 26. Rxd1 {[%clk
00:11:41]} Qb6 {[%clk 00:12:18]} 27. Qd6 {[%clk 00:09:51]} c5 {[%clk 00:12:10]}
28. Qxb6 {[%clk 00:08:40]} axb6 {[%clk 00:12:36]} 1-0

[Event "TIPC 2019 Groupe A"]
[Site ""]
[Date "2019.08.02"]
[Round "8.4"]
[White "Capone, Nicola"]
[Black "Gurevich, Mikhail"]
[Result "0-1"]
[WhiteTitle "IM"]
[BlackTitle "GM"]
[WhiteElo "2297"]
[BlackElo "2587"]

1. e4 {[%clk 01:30:36]} {[%emt 00:00:24]} d6 {[%clk 01:30:49]} {[%emt
00:00:12]} 2. d4 {[%clk 01:30:57]} {[%emt 00:00:09]} Nf6 {[%clk 01:31:13]}
{[%emt 00:00:05]} 3. Nc3 {[%clk 01:31:24]} {[%emt 00:00:04]} g6 {[%clk
01:31:39]} {[%emt 00:00:04]} 4. f4 {[%clk 01:31:49]} {[%emt 00:00:05]} Bg7
{[%clk 01:32:01]} {[%emt 00:00:07]} 5. Nf3 {[%clk 01:32:15]} {[%emt 00:00:05]}
c5 {[%clk 01:32:11]} {[%emt 00:00:20]} 6. dxc5 {[%clk 01:32:13]} {[%emt
00:00:32]} Qa5 {[%clk 01:32:35]} {[%emt 00:00:06]} 7. Qd3 {[%clk 01:32:37]}
{[%emt 00:00:06]} Qxc5 {[%clk 01:17:34]} {[%emt 00:15:30]} 8. Be3 {[%clk
01:32:42]} {[%emt 00:00:26]} Qa5 {[%clk 01:14:55]} {[%emt 00:03:08]} 9. Qb5+
{[%clk 01:32:48]} {[%emt 00:00:25]} Nc6 {[%clk 01:15:03]} {[%emt 00:00:21]} 10.
Qxa5 {[%clk 01:26:08]} {[%emt 00:07:10]} Nxa5 {[%clk 01:15:29]} {[%emt
00:00:05]} 11. Bb5+ {[%clk 01:26:31]} {[%emt 00:00:07]} Nc6 {[%clk 01:04:17]}
{[%emt 00:11:41]} 12. Nd5 {[%clk 01:08:39]} {[%emt 00:18:23]} Nxd5 {[%clk
00:59:46]} {[%emt 00:05:01]} 13. exd5 {[%clk 01:09:04]} {[%emt 00:00:05]} a6
{[%clk 01:00:12]} {[%emt 00:00:04]} 14. Bxc6+ {[%clk 00:51:49]} {[%emt
00:17:45]} bxc6 {[%clk 00:59:15]} {[%emt 00:01:26]} 15. dxc6 {[%clk 00:52:15]}
{[%emt 00:00:04]} Bf5 {[%clk 00:44:23]} {[%emt 00:34:49]} 16. Bd4 {[%clk
00:42:04]} f6 {[%clk 00:44:40]} 17. Bb6 {[%clk 00:28:30]} {[%emt 00:05:30]} Rb8
{[%clk 00:37:18]} {[%emt 00:07:52]} 18. Ba5 {[%clk 00:28:39]} {[%emt 00:00:20]}
Rxb2 {[%clk 00:37:39]} {[%emt 00:00:08]} 19. Nd4 {[%clk 00:25:53]} {[%emt
00:03:17]} Be4 {[%clk 00:35:41]} {[%emt 00:02:27]} 20. f5 {[%clk 00:26:20]}
{[%emt 00:00:04]} gxf5 {[%clk 00:29:43]} {[%emt 00:06:27]} 21. Kd2 {[%clk
00:21:32]} {[%emt 00:05:18]} Rb8 {[%clk 00:24:20]} {[%emt 00:05:54]} 22. c7
{[%clk 00:14:23]} {[%emt 00:36:26]} Rc8 {[%clk 00:24:29]} 23. Rhf1 {[%clk
00:14:31]} Bh6+ {[%clk 00:23:18]} 24. Kc3 {[%clk 00:14:55]} f4 {[%clk
00:23:31]} 25. Ne6 {[%clk 00:02:18]} Rg8 {[%clk 00:23:09]} 26. Rab1 {[%clk
00:01:30]} Bxg2 {[%clk 00:19:59]} 27. Rb8 {[%clk 00:01:27]} Kd7 {[%clk
00:20:21]} 28. Nc5+ {[%clk 00:01:20]} Kc6 {[%clk 00:19:20]} 29. Rfb1 {[%clk
00:00:35]} Kxc5 {[%clk 00:18:40]} 30. Kd4+ 0-1

[Event "TIPC 2019 Groupe A"]
[Site ""]
[Date "2019.08.02"]
[Round "8.6"]
[White "Verheyen, Olivier"]
[Black "Klinova, Masha"]
[Result "0-1"]
[BlackTitle "WGM"]
[WhiteElo "2200"]
[BlackElo "2269"]

1. e4 {[%clk 01:30:57]} {[%emt 00:00:02]} d6 {[%clk 01:30:57]} {[%emt
00:00:03]} 2. d4 {[%clk 01:31:24]} {[%emt 00:00:04]} Nf6 {[%clk 01:31:23]}
{[%emt 00:00:03]} 3. Nc3 {[%clk 01:31:45]} {[%emt 00:00:09]} e5 {[%clk
01:31:48]} {[%emt 00:00:05]} 4. Nge2 {[%clk 01:31:10]} {[%emt 00:01:05]} Nc6
{[%clk 01:30:01]} {[%emt 00:02:18]} 5. h3 {[%clk 01:27:28]} {[%emt 00:04:11]}
Be7 {[%clk 01:29:13]} {[%emt 00:01:18]} 6. g4 {[%clk 01:25:36]} {[%emt
00:02:22]} d5 {[%clk 01:27:48]} {[%emt 00:01:55]} 7. exd5 {[%clk 01:08:27]}
{[%emt 00:17:39]} Nxd5 {[%clk 01:24:43]} {[%emt 00:03:35]} 8. dxe5 {[%clk
01:06:40]} {[%emt 00:02:17]} Nxc3 {[%clk 01:22:25]} {[%emt 00:02:48]} 9. Qxd8+
{[%clk 01:06:48]} {[%emt 00:00:23]} Bxd8 {[%clk 01:22:18]} {[%emt 00:00:36]} 10.
Nxc3 {[%clk 01:07:11]} {[%emt 00:00:08]} Nxe5 {[%clk 01:22:21]} {[%emt
00:00:26]} 11. Bg2 {[%clk 01:06:59]} {[%emt 00:00:41]} O-O {[%clk 01:21:31]}
{[%emt 00:01:21]} 12. O-O {[%clk 01:06:44]} {[%emt 00:00:46]} c6 {[%clk
01:21:34]} {[%emt 00:00:26]} 13. Ne4 {[%clk 01:03:37]} {[%emt 00:03:35]} f5
{[%clk 01:14:32]} {[%emt 00:07:33]} 14. Nd6 {[%clk 00:59:52]} {[%emt 00:04:15]}
fxg4 {[%clk 01:13:10]} {[%emt 00:01:53]} 15. Nxc8 {[%clk 00:53:34]} {[%emt
00:06:49]} Rxc8 {[%clk 01:12:26]} {[%emt 00:01:13]} 16. hxg4 {[%clk 00:53:54]}
{[%emt 00:00:10]} Bb6 {[%clk 01:08:20]} {[%emt 00:04:36]} 17. Be3 {[%clk
00:48:00]} {[%emt 00:06:23]} Bxe3 {[%clk 01:00:41]} {[%emt 00:08:10]} 18. fxe3
{[%clk 00:48:07]} {[%emt 00:00:23]} Nxg4 {[%clk 01:00:44]} {[%emt 00:00:26]} 19.
Bh3 {[%clk 00:47:38]} {[%emt 00:01:00]} h5 {[%clk 01:01:03]} {[%emt 00:00:11]}
20. Bxg4 {[%clk 00:46:36]} {[%emt 00:01:32]} hxg4 {[%clk 01:01:28]} {[%emt
00:00:05]} 21. Kg2 {[%clk 00:42:58]} {[%emt 00:04:08]} Rcd8 {[%clk 01:00:55]}
{[%emt 00:21:44]} 22. Rad1 {[%clk 00:40:49]} Rfe8 {[%clk 00:54:43]} 23. Kg3
{[%clk 00:36:39]} Rxe3+ {[%clk 00:51:29]} 24. Kxg4 {[%clk 00:37:01]} Rxd1
{[%clk 00:48:00]} {[%emt 00:01:09]} 25. Rxd1 {[%clk 00:37:26]} {[%emt
00:00:05]} Kf7 {[%clk 00:48:26]} {[%emt 00:00:03]} 26. b3 {[%clk 00:24:54]}
{[%emt 00:13:03]} Ke6 {[%clk 00:40:55]} {[%emt 00:08:01]} 27. Rd2 {[%clk
00:19:44]} {[%emt 00:05:40]} Rc3 {[%clk 00:36:44]} {[%emt 00:04:40]} 28. a4
{[%clk 00:19:23]} {[%emt 00:00:52]} c5 {[%clk 00:34:06]} {[%emt 00:03:08]} 29.
Kf4 {[%clk 00:16:39]} {[%emt 00:03:14]} c4 {[%clk 00:31:32]} {[%emt 00:33:49]}
30. b4 {[%clk 00:11:29]} Ra3 {[%clk 00:31:14]} 31. a5 {[%clk 00:08:29]} Rh3
{[%clk 00:26:35]} 32. Rg2 {[%clk 00:06:55]} Kf6 {[%clk 00:26:11]} 33. Ke4
{[%clk 00:05:56]} g5 {[%clk 00:25:56]} 34. Kd5 {[%clk 00:05:14]} c3 {[%clk
00:24:45]} 35. b5 {[%clk 00:01:51]} Rf3 36. a6 {[%clk 00:01:47]} Rf5+ {[%clk
00:22:38]} {[%emt 00:00:03]} 37. Kc4 {[%clk 00:02:11]} {[%emt 00:00:03]} b6
{[%clk 00:19:36]} {[%emt 00:03:33]} 38. Rh2 {[%clk 00:00:51]} {[%emt 00:01:49]}
Rc5+ {[%clk 00:19:13]} {[%emt 00:00:53]} 39. Kd4 {[%clk 00:01:17]} {[%emt
00:00:04]} g4 {[%clk 00:18:23]} {[%emt 00:01:20]} 40. Rh7 {[%clk 00:01:14]}
{[%emt 00:00:33]} g3 {[%clk 00:18:35]} {[%emt 00:00:18]} 41. Ke3 {[%clk
00:01:42]} {[%emt 00:00:03]} Rg5 {[%clk 00:17:06]} {[%emt 00:01:58]} 42. Kd4
{[%emt 00:01:09]} Ke5+ 0-1

[Event "TIPC 2019 Groupe A"]
[Site ""]
[Date "2019.08.02"]
[Round "8.21"]
[White "Philippe, Denis-Emmanuel"]
[Black "Van Uytven, Eric"]
[Result "1/2-1/2"]
[WhiteElo "2015"]
[BlackElo "2071"]

1. c4 {[%emt 00:03:27]} Nf6 {[%emt 00:00:04]} 2. g3 {[%emt 00:00:09]} e6 {[%emt
00:00:05]} 3. Bg2 {[%emt 00:00:06]} d5 {[%emt 00:00:05]} 4. Nf3 {[%emt
00:00:19]} Be7 {[%emt 00:00:06]} 5. O-O {[%emt 00:00:25]} O-O {[%emt 00:00:18]}
6. b3 {[%emt 00:03:07]} b6 {[%emt 00:00:17]} 7. Bb2 {[%emt 00:00:29]} c5 {[%emt
00:00:14]} 8. e3 {[%emt 00:02:53]} Ba6 {[%emt 00:03:44]} 9. d3 {[%emt
00:09:45]} Nc6 {[%emt 00:00:59]} 10. Nc3 {[%emt 00:03:24]} Rc8 {[%emt
00:00:54]} 11. Qe2 {[%emt 00:07:39]} Qd7 {[%emt 00:01:23]} 12. Rfd1 {[%emt
00:01:33]} Rfd8 {[%emt 00:04:39]} 13. Rac1 {[%emt 00:01:15]} d4 {[%emt
00:11:00]} 14. exd4 {[%emt 00:01:30]} cxd4 {[%emt 00:00:38]} 15. Ne4 {[%emt
00:06:39]} Bb7 {[%emt 00:02:29]} 16. Nxf6+ {[%emt 00:03:36]} Bxf6 {[%emt
00:00:07]} 17. a3 {[%emt 00:00:34]} a5 {[%emt 00:00:08]} 18. Re1 {[%emt
00:00:59]} g6 {[%emt 00:04:42]} 19. Qd2 {[%emt 00:03:21]} Bg7 {[%emt 00:08:24]}
20. b4 {[%emt 00:03:24]} axb4 {[%emt 00:00:51]} 21. axb4 {[%emt 00:00:05]} Qd6
{[%emt 00:26:23]} 22. b5 Na5 23. Qd1 e5 24. Nd2 {[%emt 00:08:04]} f5 {[%emt
00:03:10]} 25. Nb3 {[%emt 00:06:13]} Bxg2 {[%emt 00:04:32]} 26. Kxg2 {[%emt
00:00:18]} Nxb3 {[%emt 00:08:06]} 27. Qxb3 {[%emt 00:00:07]} Kh8 {[%emt
00:00:53]} 28. Ba3 {[%emt 00:07:46]} Qd7 {[%emt 00:00:51]} 29. Qd1 {[%emt
00:33:41]} e4 30. dxe4 d3 31. Re3 Qd4 32. exf5 gxf5 33. Qh5 Rxc4 {[%emt
00:02:27]} 34. Re8+ {[%emt 00:00:24]} Bf8 {[%emt 00:01:13]} 1/2-1/2